Contemporary labor economics / (Record no. 8926)
[ view plain ]
| 000 -LEADER | |
|---|---|
| fixed length control field | 01284nam a22003495a 4500 |
| 008 - FIXED-LENGTH DATA ELEMENTS--GENERAL INFORMATION | |
| fixed length control field | 150816t2006 xxua|||frbb|| 001 0 eng d |
| 010 ## - LIBRARY OF CONGRESS CONTROL NUMBER | |
| LC control number | 2004058186 |
| 020 ## - INTERNATIONAL STANDARD BOOK NUMBER | |
| International Standard Book Number | 0071116214 |
| 020 ## - INTERNATIONAL STANDARD BOOK NUMBER | |
| International Standard Book Number | 9780071116213 |
| 040 ## - CATALOGING SOURCE | |
| Original cataloging agency | EG-ScBUE |
| Language of cataloging | eng |
| Transcribing agency | EG-ScBUE |
| 082 04 - DEWEY DECIMAL CLASSIFICATION NUMBER | |
| Classification number | 331 |
| Item number | MCC |
| Edition number | 22 |
| 100 1# - MAIN ENTRY--PERSONAL NAME | |
| Personal name | McConnell, Campbell R. |
| 245 10 - TITLE STATEMENT | |
| Title | Contemporary labor economics / |
| Statement of responsibility, etc | Campbell R. McConnell, Stanley L. Brue, David A. Macpherson. |
| 250 ## - EDITION STATEMENT | |
| Edition statement | 7th ed. |
| 260 ## - PUBLICATION, DISTRIBUTION, ETC. (IMPRINT) | |
| Place of publication, distribution, etc | New York : |
| Name of publisher, distributor, etc | McGraw-Hill/Irwin, |
| Date of publication, distribution, etc | c. 2006. |
| 300 ## - PHYSICAL DESCRIPTION | |
| Extent | xv, 624 p. : |
| Other physical details | ill. ; |
| Dimensions | 24 cm. |
| 500 ## - GENERAL NOTE | |
| General note | Indexes : p. 597- 624. |
| 500 ## - GENERAL NOTE | |
| General note | Answer to your turn questions : p. 593- 596. |
| 500 ## - GENERAL NOTE | |
| General note | Glossary : p. 578- 592. |
| 500 ## - GENERAL NOTE | |
| General note | Appendix : p. 562-577. |
| 504 ## - BIBLIOGRAPHY, ETC. NOTE | |
| Bibliography, etc | Includes bibliographical references . |
| 590 ## - LOCAL NOTE (RLIN) | |
| Local note | menna elemam |
| 650 #0 - SUBJECT ADDED ENTRY--TOPICAL TERM | |
| Topical term or geographic name as entry element | Labor economics. |
| Source of heading or term | BUEsh |
| 650 #0 - SUBJECT ADDED ENTRY--TOPICAL TERM | |
| Topical term or geographic name as entry element | Economic-- |
| General subdivision | history. |
| Source of heading or term | BUEsh |
| 651 ## - SUBJECT ADDED ENTRY--GEOGRAPHIC NAME | |
| Source of heading or term | BUEsh |
| 653 ## - INDEX TERM--UNCONTROLLED | |
| Resource For college | BAEPS, Economics |
| Arrived date list | August2015 |
| 700 1# - ADDED ENTRY--PERSONAL NAME | |
| Personal name | Brue, Stanley L., |
| Dates associated with a name | 1945- |
| 700 1# - ADDED ENTRY--PERSONAL NAME | |
| Personal name | Macpherson, David A., |
| Dates associated with a name | 1960- |
| 9 (RLIN) | 9270 |
| 856 42 - ELECTRONIC LOCATION AND ACCESS | |
| Materials specified | Publisher description |
| Uniform Resource Identifier | <a href="http://www.loc.gov/catdir/enhancements/fy0618/2004058186-d.html">http://www.loc.gov/catdir/enhancements/fy0618/2004058186-d.html</a> |
| 856 42 - ELECTRONIC LOCATION AND ACCESS | |
| Materials specified | Table of contents only |
| Uniform Resource Identifier | <a href="http://www.loc.gov/catdir/enhancements/fy0618/2004058186-t.html">http://www.loc.gov/catdir/enhancements/fy0618/2004058186-t.html</a> |
| 942 ## - ADDED ENTRY ELEMENTS (KOHA) | |
| Item type | Book - Borrowing |
| Call number prefix | 331 MCC |
| Source of classification or shelving scheme | Dewey Decimal Classification |
| Withdrawn status | Item status | Source of classification or shelving scheme | Damaged status | Not for loan | Home library | Current library | Shelving location | Date acquired | Source of acquisition | Total Checkouts | Total Renewals | Full call number | Barcode | Date last seen | Date last borrowed | Koha item type | Vendor | Cost, normal purchase price | Serial Enumeration / chronology |
|---|---|---|---|---|---|---|---|---|---|---|---|---|---|---|---|---|---|---|---|
| Dewey Decimal Classification | Central Library | Central Library | First floor | 08/03/2017 | Purchase | 12 | 39 | 331 MCC | 000010532 | 15/07/2025 | 03/10/2012 | Book - Borrowing | |||||||
| Dewey Decimal Classification | Central Library | Central Library | First floor | 31/03/2008 | Purchase | 16 | 32 | 331 MCC | 000010864 | 15/07/2025 | 25/11/2015 | Book - Borrowing | |||||||
| Dewey Decimal Classification | Central Library | Central Library | First floor | 21/04/2009 | Purchase | 9 | 24 | 331 MCC | 000015612 | 15/07/2025 | 15/10/2012 | Book - Borrowing | Baccah | 198.40 | 6993 |